000 00976cam a2200205 4500
001 WB3714-17
008 000000n2001 000 0 eng u
035 _a(Sirsi) u111800
245 _aLandfill Tax rise may cut brownfield development
260 _c2001
490 _aUrban Environment Today
_v(118) 29 March 2001, 7(1)
520 _aA report, "Assessing the impact of the landfill tax on derelict land clearance", warns that a rise in the landfill tax and a reduction in exemptions could reduce the amount of development on brownfield land, encourage illegal dumping and reduce interest in alternatives to landfill. Copies of the report are available free form David Walters at DETR. Tel: 020 7944 3257; e-mail: [email protected]
590 _aWB
650 _aLANDFILL TAX
650 _aBROWNFIELD SITES
650 _aFLY TIPPING
650 _aLAND RECLAMATION
690 _aENVIRONMENTAL AND LAND CONSULTANCY-ENVIRONMENTAL MANAGEMENT
942 _n0
999 _c66619
_d66619